| 000 | 00523nam a2200169 a 4500 | ||
|---|---|---|---|
| 005 | 20240920063840.0 | ||
| 008 | 991125n1962 ch 000 0 spa u | ||
| 035 | _aUPN01000007395 | ||
| 049 | _aCG | ||
| 050 | 4 |
_aL301 _bU5.3 |
|
| 110 | 2 |
_aUniversidad de Chile. _bInstituto de Educación |
|
| 245 | 0 | 0 |
_aCentro de documentación año pedagógico 1961 / _cUniversidad de Chile, Instituto de Educación. |
| 260 |
_aSantiago : _bUniversitaria, _c1962. |
||
| 300 | _a126 p. | ||
| 650 | 4 |
_aEducación _zChile _99706 |
|
| 905 | _aLibro | ||
| 999 |
_c7395 _d7395 |
||